000130543 001__ 130543
000130543 005__ 20240319081030.0
000130543 0247_ $$2doi$$a10.1111/IJPO.12901
000130543 0248_ $$2sideral$$a134306
000130543 037__ $$aART-2022-134306
000130543 041__ $$aeng
000130543 100__ $$aLatorre-Román, Pedro Ángel
000130543 245__ $$aHealthy lifestyles and physical fitness are associated with abdominal obesity among Latin-American and Spanish preschool children: A cross-cultural study
000130543 260__ $$c2022
000130543 5060_ $$aAccess copy available to the general public$$fUnrestricted
000130543 5203_ $$aBackground: Identifying environmental factors that influence health in children are necessary to develop preventive strategies.
Objective: To determine the association between the lifestyles of children (i.e., Mediterranean diet (MD), physical activity (PA), fitness and screen time (ST) with
abdominal obesity (AO) of preschoolers from three Spanish-speaking countries (Chile, Colombia and Spain) with different socioeconomic levels and Human Development
Index (HDI) indicators.
Material and Methods: This cross-sectional study included 982 schoolchildren (aged 4–6 years; 56.8% girls) from Chile (n = 409), Colombia (n = 281), and Spain (n = 292). Body mass index (BMI), waist circumference (WC), waist-to-height ratio (WtHR), adherence to the MD, PA, ST and physical fitness were evaluated.
Results: Spanish preschoolers reported a lower WtHR (p < 0.001), greater physical fitness (Z-score) (p < 0.001) and higher adherence to the MD (p < 0.001) than their
Chilean and Colombian peers. In addition, Colombian preschoolers had a better lifestyle (PA + ST) than their Chilean and Spanish peers (p < 0.001). Chilean preschoolers
reported a higher prevalence of AO than the Spanish preschoolers (65% vs.
51.9%; p = 0.001).
Conclusion: Lifestyle had a significant association with AO among Spanish-speaking preschool children, with physical fitness especially being a relevant factor regardless of the country of origin. The findings of the current study may support the development of public guidelines focusing on healthy lifestyles in children to create effective plans that contribute to the early treatment of AO in preschool children.
000130543 540__ $$9info:eu-repo/semantics/openAccess$$aby$$uhttp://creativecommons.org/licenses/by/3.0/es/
000130543 590__ $$a3.8$$b2022
000130543 591__ $$aPEDIATRICS$$b17 / 130 = 0.131$$c2022$$dQ1$$eT1
000130543 592__ $$a1.202$$b2022
000130543 593__ $$aHealth Policy$$c2022$$dQ1
000130543 593__ $$aPublic Health, Environmental and Occupational Health$$c2022$$dQ1
000130543 593__ $$aPediatrics, Perinatology and Child Health$$c2022$$dQ1
000130543 593__ $$aNutrition and Dietetics$$c2022$$dQ1
000130543 594__ $$a7.0$$b2022
000130543 655_4 $$ainfo:eu-repo/semantics/article$$vinfo:eu-repo/semantics/publishedVersion
000130543 700__ $$aGuzmán-Guzmán, Iris Paola
000130543 700__ $$aPárraga-Montilla, Juan
000130543 700__ $$aCaamaño-Navarrete, Felipe
000130543 700__ $$aSalas-Sánchez, Jesús
000130543 700__ $$aPalomino-Devia, Constanza
000130543 700__ $$aReyes-Oyola, Felipe Augusto
000130543 700__ $$aÁlvarez, Cristian
000130543 700__ $$aCasa-Pérez, Ana
000130543 700__ $$0(orcid)0000-0002-1473-6997$$aCardona Linares, Antonio J.$$uUniversidad de Zaragoza
000130543 700__ $$aDelgado-Floody, Pedro
000130543 7102_ $$11006$$2245$$aUniversidad de Zaragoza$$bDpto. Fisiatría y Enfermería$$cÁrea Educación Física y Depor.
000130543 773__ $$g17, 7 (2022), 1-8$$pPediatr. obes.$$tPediatric obesity$$x2047-6302
000130543 8564_ $$s861004$$uhttps://zaguan.unizar.es/record/130543/files/texto_completo.pdf$$yVersión publicada
000130543 8564_ $$s2109304$$uhttps://zaguan.unizar.es/record/130543/files/texto_completo.jpg?subformat=icon$$xicon$$yVersión publicada
000130543 909CO $$ooai:zaguan.unizar.es:130543$$particulos$$pdriver
000130543 951__ $$a2024-03-18-17:07:05
000130543 980__ $$aARTICLE